000 00902nam a2200181 a 4500
001 000040366
005 20201002034103.0
008 130822s2007 mx 000 0 spa d
020 _a9789703242078
040 _aDO-SdBNP
_bspa
_cBNPHU
100 1 _aCompany Company, Concepción.
_966665
245 0 3 _aEl siglo XVIII y la identidad lingüistica de México :
_bDiscurso de ingreso a la Academia Mexicana de la Lengua 10 de noviembre de 2005 /
_cConcepción Company Company.
246 1 4 _aDiscurso de ingreso a la Academia Mexicana de la Lengua 10 de noviembre de 2005.
260 _aMéxico :
_bUniversidad Nacional Autónoma de México :
_bDifusión Cultural, Dirección General de Publicaciones y Fomen : Academia Mexicana de la Lengua,
_c2007.
300 _a192 p. ;
_c18 cm.
504 _aIncluye referencias bibliográficas y notas al pie de las páginas
700 1 _aMoreno de Alba, José G.
_966210
999 _c39856
_d39856